Statistics for Every 100k City that speaks a Romance Language

Click here to take the quiz!

General Stats

  • This quiz has been taken 62 times
  • The average score is 84 of 182

Answer Stats

CountryPopulationCity% Correct
๐Ÿ‡ช๐Ÿ‡ธ1.636.732Barcelona
100%
๐Ÿ‡ช๐Ÿ‡ธ3.305.408Madrid
100%
๐Ÿ‡ซ๐Ÿ‡ท2.165.423Paris
100%
๐Ÿ‡ฎ๐Ÿ‡น1.371.498Milan
98%
๐Ÿ‡ฎ๐Ÿ‡น2.761.632Rome
98%
๐Ÿ‡ฎ๐Ÿ‡น914.758Naples
96%
๐Ÿ‡ท๐Ÿ‡ด1.819.419Bucharest
95%
๐Ÿ‡ต๐Ÿ‡น544.851Lisbon
95%
๐Ÿ‡ฎ๐Ÿ‡น848.885Turin
95%
๐Ÿ‡ช๐Ÿ‡ธ789.744Valencia
95%
๐Ÿ‡ซ๐Ÿ‡ท522.969Lyon
93%
๐Ÿ‡ซ๐Ÿ‡ท870.731Marseille
93%
๐Ÿ‡ฎ๐Ÿ‡น630.828Palermo
93%
๐Ÿ‡ฎ๐Ÿ‡น254.661Venice
93%
๐Ÿ‡ฎ๐Ÿ‡น367.150Florence
91%
๐Ÿ‡ช๐Ÿ‡ธ346.405Bilbao
89%
๐Ÿ‡ซ๐Ÿ‡ท260.958Bordeaux
89%
๐Ÿ‡ต๐Ÿ‡น231.962Porto
89%
๐Ÿ‡ซ๐Ÿ‡ท493.465Toulouse
89%
๐Ÿ‡ฎ๐Ÿ‡น392.203Bologna
87%
๐Ÿ‡ซ๐Ÿ‡ท342.669Nice
87%
๐Ÿ‡ช๐Ÿ‡ธ684.234Sevilla
87%
๐Ÿ‡ฎ๐Ÿ‡น560.688Genoa
85%
๐Ÿ‡ซ๐Ÿ‡ท234.475Lille
84%
๐Ÿ‡ฎ๐Ÿ‡น316.140Bari
82%
๐Ÿ‡ช๐Ÿ‡ธ577.405Mรกlaga
82%
๐Ÿ‡ซ๐Ÿ‡ท318.808Nantes
82%
๐Ÿ‡ช๐Ÿ‡ธ675.301Zaragoza
80%
๐Ÿ‡ง๐Ÿ‡ช188.737Brussels
76%
๐Ÿ‡ฒ๐Ÿ‡ฉ532.513Chisinau
76%
๐Ÿ‡ซ๐Ÿ‡ท295.542Montpellier
76%
๐Ÿ‡ช๐Ÿ‡ธ419.366Palma
76%
๐Ÿ‡ฎ๐Ÿ‡น200.594Trieste
75%
๐Ÿ‡ฎ๐Ÿ‡น257.274Verona
75%
๐Ÿ‡ซ๐Ÿ‡ท287.228Strasbourg
73%
๐Ÿ‡ฎ๐Ÿ‡น298.324Catania
69%
๐Ÿ‡ท๐Ÿ‡ด324.700Cluj-Napoca
69%
๐Ÿ‡จ๐Ÿ‡ญ203.401Geneva
69%
๐Ÿ‡ช๐Ÿ‡ธ231.775Granada
69%
๐Ÿ‡ซ๐Ÿ‡ท158.002Dijon
67%
๐Ÿ‡ซ๐Ÿ‡ท220.488Rennes
67%
๐Ÿ‡ช๐Ÿ‡ธ322.071Cรณrdoba
65%
๐Ÿ‡ซ๐Ÿ‡ท168.290Le Havre
65%
๐Ÿ‡ซ๐Ÿ‡ท139.926Brest
64%
๐Ÿ‡ฎ๐Ÿ‡น148.881Cagliari
64%
๐Ÿ‡ช๐Ÿ‡ธ460.349Murcia
64%
๐Ÿ‡ฎ๐Ÿ‡น116.447Syracuse
64%
๐Ÿ‡ช๐Ÿ‡ธ337.304Alicante
62%
๐Ÿ‡ฎ๐Ÿ‡น220.094Messina
62%
๐Ÿ‡ฎ๐Ÿ‡น196.655Parma
60%
๐Ÿ‡ช๐Ÿ‡ธ297.775Valladolid
60%
๐Ÿ‡ท๐Ÿ‡ด303.000Iasi
58%
๐Ÿ‡ซ๐Ÿ‡ท158.198Grenoble
56%
๐Ÿ‡ฑ๐Ÿ‡บ128.494Luxembourg
56%
๐Ÿ‡ฎ๐Ÿ‡น208.732Padua
56%
๐Ÿ‡ซ๐Ÿ‡ท181.194Reims
56%
๐Ÿ‡ซ๐Ÿ‡ท173.821Saint-ร‰tienne
56%
๐Ÿ‡ซ๐Ÿ‡ท178.745Toulon
56%
๐Ÿ‡ช๐Ÿ‡ธ114.244Cรกdiz
55%
๐Ÿ‡ท๐Ÿ‡ด269.700Constanta
55%
๐Ÿ‡ง๐Ÿ‡ช195.278Liรจge
55%
๐Ÿ‡ช๐Ÿ‡ธ203.081Pamplona
55%
๐Ÿ‡ฎ๐Ÿ‡น189.171Taranto
55%
๐Ÿ‡ท๐Ÿ‡ด308.500Timisoara
55%
๐Ÿ‡ช๐Ÿ‡ธ293.837Vigo
55%
๐Ÿ‡ช๐Ÿ‡ธ188.102Donostia
53%
๐Ÿ‡ซ๐Ÿ‡ท143.847Le Mans
53%
๐Ÿ‡ฎ๐Ÿ‡น120.207Bergamo
51%
๐Ÿ‡ฎ๐Ÿ‡น196.850Brescia
51%
๐Ÿ‡ช๐Ÿ‡ธ378.675Las Palmas de Gran Canaria
51%
๐Ÿ‡จ๐Ÿ‡ญ140.619Lausanne
51%
๐Ÿ‡ฎ๐Ÿ‡น150.051Rimini
51%
๐Ÿ‡ซ๐Ÿ‡ท112.321Rouen
51%
๐Ÿ‡ซ๐Ÿ‡ท137.087Tours
51%
๐Ÿ‡ช๐Ÿ‡ธ268.896Gijรณn
49%
๐Ÿ‡ฎ๐Ÿ‡น185.644Modena
49%
๐Ÿ‡ซ๐Ÿ‡ท105.058Nancy
49%
๐Ÿ‡ฎ๐Ÿ‡น156.080Ravenna
49%
๐Ÿ‡ต๐Ÿ‡น148.550Braga
47%
๐Ÿ‡ต๐Ÿ‡น105.190Coimbra
47%
๐Ÿ‡ซ๐Ÿ‡ท148.561Nรฎmes
47%
๐Ÿ‡ซ๐Ÿ‡ท116.269Orlรฉans
47%
๐Ÿ‡ช๐Ÿ‡ธ217.552Oviedo
47%
๐Ÿ‡ช๐Ÿ‡ธ143.269Salamanca
47%
๐Ÿ‡ฎ๐Ÿ‡น118.509Trento
47%
๐Ÿ‡ซ๐Ÿ‡ท147.865Clermont-Ferrand
45%
๐Ÿ‡ช๐Ÿ‡ธ122.051Leรณn
45%
๐Ÿ‡ช๐Ÿ‡ธ264.657L'Hospitalet de Llobregat
45%
๐Ÿ‡ฎ๐Ÿ‡น128.105Salerno
45%
๐Ÿ‡ซ๐Ÿ‡ท134.706Amiens
44%
๐Ÿ‡ง๐Ÿ‡ช202.421Charleroi
44%
๐Ÿ‡ซ๐Ÿ‡ท130.876Limoges
44%
๐Ÿ‡ช๐Ÿ‡ธ172.221Santander
44%
๐Ÿ‡ซ๐Ÿ‡ท106.230Caen
42%
๐Ÿ‡ซ๐Ÿ‡ท118.489Metz
42%
๐Ÿ‡ช๐Ÿ‡ธ101.932Girona
40%
๐Ÿ‡ฎ๐Ÿ‡น163.598Perugia
40%
๐Ÿ‡ฒ๐Ÿ‡ฉ133.807Tiraspol
40%
๐Ÿ‡ช๐Ÿ‡ธ200.753Almerรญa
38%
๐Ÿ‡ซ๐Ÿ‡ท155.850Angers
38%
๐Ÿ‡ช๐Ÿ‡ธ234.205Elche
38%
๐Ÿ‡ฎ๐Ÿ‡น146.379Foggia
38%
๐Ÿ‡ช๐Ÿ‡ธ245.468La Coruรฑa
38%
๐Ÿ‡ฎ๐Ÿ‡น154.177Livorno
38%
๐Ÿ‡ซ๐Ÿ‡ท112.852Saint-Denis
38%
๐Ÿ‡ช๐Ÿ‡ธ253.093Vitoria-Gasteiz
38%
๐Ÿ‡ช๐Ÿ‡ธ150.610Badajoz
36%
๐Ÿ‡ท๐Ÿ‡ด246.200Brasov
36%
๐Ÿ‡ฎ๐Ÿ‡น131.091Ferrara
36%
๐Ÿ‡ช๐Ÿ‡ธ135.436Tarragona
36%
๐Ÿ‡ช๐Ÿ‡ธ174.051Burgos
35%
๐Ÿ‡ช๐Ÿ‡ธ142.538Huelva
35%
๐Ÿ‡ช๐Ÿ‡ธ212.801Jerez de la Frontera
35%
๐Ÿ‡ซ๐Ÿ‡ท108.312Mulhouse
35%
๐Ÿ‡ซ๐Ÿ‡ท119.344Perpignan
35%
๐Ÿ‡ฎ๐Ÿ‡น119.406Pescara
35%
๐Ÿ‡ฎ๐Ÿ‡น171.800Reggio di Calabria
35%
๐Ÿ‡ช๐Ÿ‡ธ208.563Santa Cruz de Tenerife
35%
๐Ÿ‡ช๐Ÿ‡ธ183.095Getafe
33%
๐Ÿ‡ง๐Ÿ‡ช112.559Namur
33%
๐Ÿ‡ต๐Ÿ‡น105.590Funchal
31%
๐Ÿ‡ท๐Ÿ‡ด227.800Galati
31%
๐Ÿ‡ช๐Ÿ‡ธ111.932Jaรฉn
31%
๐Ÿ‡ฎ๐Ÿ‡น122.099Monza
31%
๐Ÿ‡ฎ๐Ÿ‡น200.762Prato
31%
๐Ÿ‡ซ๐Ÿ‡ท145.133Aix-en-Provence
29%
๐Ÿ‡ช๐Ÿ‡ธ223.006Badalona
29%
๐Ÿ‡ท๐Ÿ‡ด246.400Craiova
29%
๐Ÿ‡ฎ๐Ÿ‡น102.902Piacenza
29%
๐Ÿ‡ฎ๐Ÿ‡น121.657Sassari
29%
๐Ÿ‡ซ๐Ÿ‡ท130.721Annecy
27%
๐Ÿ‡ซ๐Ÿ‡ท117.912Besanรงon
27%
๐Ÿ‡ช๐Ÿ‡ธ216.365Cartagena
27%
๐Ÿ‡ฎ๐Ÿ‡น127.221Latina
27%
๐Ÿ‡ท๐Ÿ‡ด150.700Arad
25%
๐Ÿ‡ท๐Ÿ‡ด187.000Oradea
25%
๐Ÿ‡ท๐Ÿ‡ด190.700Ploiesti
25%
๐Ÿ‡ซ๐Ÿ‡ท121.583Boulogne-Billancourt
24%
๐Ÿ‡ช๐Ÿ‡ธ140.080Lleida
24%
๐Ÿ‡ช๐Ÿ‡ธ147.958Marbella
24%
๐Ÿ‡ท๐Ÿ‡ด145.200Sibiu
24%
๐Ÿ‡ช๐Ÿ‡ธ150.808Logroรฑo
22%
๐Ÿ‡ช๐Ÿ‡ธ104.596Ourense
22%
๐Ÿ‡ฎ๐Ÿ‡น107.314Terni
22%
๐Ÿ‡ต๐Ÿ‡น188.660Vila Nova de Gaia
22%
๐Ÿ‡ช๐Ÿ‡ธ172.722Albacete
20%
๐Ÿ‡ฎ๐Ÿ‡น116.861Forlรฌ
20%
๐Ÿ‡ฎ๐Ÿ‡น101.727Novara
20%
๐Ÿ‡ต๐Ÿ‡น171.719Amadora
18%
๐Ÿ‡ท๐Ÿ‡ด155.000Braila
18%
๐Ÿ‡ช๐Ÿ‡ธ136.250Dos Hermanas
18%
๐Ÿ‡ท๐Ÿ‡ด143.800Pitesti
18%
๐Ÿ‡ช๐Ÿ‡ธ216.204Sabadell
18%
๐Ÿ‡ซ๐Ÿ‡ท152.212Villeurbanne
18%
๐Ÿ‡ช๐Ÿ‡ธ195.982Alcalรก de Henares
16%
๐Ÿ‡ซ๐Ÿ‡ท111.038Argenteuil
16%
๐Ÿ‡ท๐Ÿ‡ด133.800Bacau
16%
๐Ÿ‡ท๐Ÿ‡ด115.900Baia Mare
16%
๐Ÿ‡ช๐Ÿ‡ธ172.589Castellรณ de la Plana
16%
๐Ÿ‡ช๐Ÿ‡ธ192.233Fuenlabrada
16%
๐Ÿ‡ฎ๐Ÿ‡น169.029Reggio nell'Emilia
16%
๐Ÿ‡ช๐Ÿ‡ธ106.084Reus
16%
๐Ÿ‡ช๐Ÿ‡ธ223.011Terrassa
16%
๐Ÿ‡ท๐Ÿ‡ด102.300Buzau
15%
๐Ÿ‡ช๐Ÿ‡ธ129.120Matarรณ
15%
๐Ÿ‡ช๐Ÿ‡ธ209.639Mรณstoles
15%
๐Ÿ‡ง๐Ÿ‡ช122.547Anderlecht
13%
๐Ÿ‡ท๐Ÿ‡ด125.700Targu Mures
13%
๐Ÿ‡ช๐Ÿ‡ธ170.817Alcorcรณn
11%
๐Ÿ‡ช๐Ÿ‡ธ187.762Leganรฉs
11%
๐Ÿ‡ซ๐Ÿ‡ท111.240Montreuil
11%
๐Ÿ‡ช๐Ÿ‡ธ131.689Parla
11%
๐Ÿ‡ฎ๐Ÿ‡น122.935Giugliano in Campania
9%
๐Ÿ‡ช๐Ÿ‡ธ119.289Santa Coloma de Gramenet
9%
๐Ÿ‡ช๐Ÿ‡ธ132.771Torrejรณn de Ardoz
9%
๐Ÿ‡ช๐Ÿ‡ธ100.907Barakaldo
7%
๐Ÿ‡ช๐Ÿ‡ธ116.589Alcobendas
5%
๐Ÿ‡ช๐Ÿ‡ธ158.010La Laguna
5%
๐Ÿ‡ง๐Ÿ‡ช130.690Schaerbeek
5%
๐Ÿ‡ช๐Ÿ‡ธ102.769Telde
5%
๐Ÿ‡ฎ๐Ÿ‡น110.675Vincenza
5%
๐Ÿ‡ช๐Ÿ‡ธ122.982Algericas
0%

Score Distribution

Percentile by Number Answered

Percent of People with Each Score

Your Score History

You have not taken this quiz